Algas e Fungos - Statistics

Estatísticas Gerais
  • Esse quiz foi jogado 12 vezes
  • A pontuação média é 6 de 12
Estatísticas das Respostas
Questão Resposta % Correto
Com quais organismos as algas fazem simbioses? Fungos, cnidários e ostras
100%
Qual cultura é famosa pelo seu consumo de algas para alimentação? Japonesa
100%
Qual é os tipos de clorofilas que as algas verdes (Chlorophyta) compartilham com as plantas terrestres? A e B
50%
O que são líquens? Associação simbiótica entre fungos e algas
50%
As marés vermelhas é causada principalmente por qual filo de algas? Dinophyta
50%
O que é composta a parede celular dos fungos? Quitina
50%
As algas calcáreas (Corallinales) fazem parte de qual filo? Rhodophyta
50%
Porque alginatos é usado em vários alimentos e produtos pela indústria? Serve como estabilizante, espessante e gelificante
50%
O que são as micorrizas? Uma associação entre fungos e raízes de plantas
50%
Qual das imagens apresenta um líquen?
0%
Qual das imagens apresenta uma alga verde? Nenhuma delas apresenta uma alga
0%
Qual desses grupos podem ser classificado como algas pardas? Phaeophyceae
0%
Nenhum quiz correspondente encontrado
Distribuição das Pontuações
Porcentagem de Pessoas com Cada Pontuação
Percentil de Números Respondidos
Sua Pontuação Histórica
Você não jogou esse quiz